000 01700nam a2200361Ia 4500
001 ebr10251680
003 CaPaEBR
006 m u
007 cr cn|||||||||
008 080205s2008 mau sb 001 0 eng d
010 _z 2008005365
020 _z9780262220859
020 _z0262220857
040 _aCaPaEBR
_cCaPaEBR
035 _a(OCoLC)283798198
050 1 4 _aHM851
_b.N4765 2008eb
082 0 4 _a303.48/330973
_222
245 0 0 _aNetworked publics
_h[electronic resource] /
_cedited by Kazys Varnelis ; with contribution s by researchers in the Networked Publics Research Group, the Annenberg Center for Communication at the University of Southern California : Walter Baer ... [et al.].
260 _aCambridge, MA :
_bMIT Press,
_cc2008.
300 _ax, 176 p.
500 _aProduct of a fellowship program at the Annenberg Center for Communication at the University of Southern California, 2005-2006.
504 _aIncludes bibliographical references and index.
533 _aElectronic reproduction.
_bPalo Alto, Calif. :
_cebrary,
_d2009.
_nAvailable via World Wide Web.
_nAccess may be limited to ebrary affiliated libraries.
650 0 _aInternet
_xSocial aspects
_zUnited States.
650 0 _aInternet
_xPolitical aspects
_zUnited States.
650 0 _aOnline social networks
_zUnited States.
650 0 _aConvergence (Telecommunication)
655 7 _aElectronic books.
_2local
700 1 _aVarnelis, Kazys.
710 2 _aAnnenberg Center for Communication (University of Southern California)
710 2 _aebrary, Inc.
856 4 0 _uhttp://site.ebrary.com/lib/rucke/Doc?id=10251680
_zAn electronic book accessible through the World Wide Web; click to view
999 _c35925
_d35925